000 00795cam a22002291 4500
001 af 48003977
003 DLC
005 20260227110905.0
008 900205s1944 be 000 0 dut c
010 _aaf 48003977
035 _a(OCoLC)21003674
040 _aCalifornia. Univ. Libr.
_cCU
_dDLC
042 _apremarc
050 0 0 _aPF117
_b.G4
245 0 3 _aDe Geschiedenis van Liu-iu.
260 _aAntwerpen,
_bDe Sikkel,
_c1944.
300 _a44 p.
_c21 cm.
490 1 _aLectuur in Basis-Nederlandsch,
_v5, voor minder gevorderden (A)
505 0 _aDe geschiedenis van Liu-iu (Chineesche bron)--Stomme Jan (Noorsche bron)--Wie is het sterkat? (Een negerlegende)--De prins en het tepijt (Armenische bron)
650 0 _aBasic Dutch
_xTexts.
830 0 _aLectuur in Basis-Nederlandsch ;
_v5.
999 _c5857
_d5857